|
|
|
|
| LEADER |
00000nta a2200000 i 4500 |
| 001 |
dolg20358 |
| 005 |
20190905154300.0 |
| 008 |
190516suuuu hu om 000 hun d |
| 040 |
|
|
|a BGE Dolgozattár Repozitórium
|b hun
|
| 041 |
|
|
|a hu
|
| 100 |
1 |
|
|a Kozlovsky Dániel
|
| 245 |
1 |
2 |
|a A telekommunikációs piac horizontjának globális és hazai bővülése az 5G technológia fejlődésének hatására
|c Kozlovsky Dániel
|h [elektronikus dokumentum]
|
| 246 |
1 |
1 |
|a A telekommunikációs piac horizontjának globális és hazai bővülése az 5G technológia fejlődésének hatására
|
| 695 |
|
|
|a 5G
|
| 695 |
|
|
|a Telekommunikáció
|
| 700 |
1 |
|
|a Fabula docens László
|e ths
|
| 856 |
4 |
0 |
|u http://dolgozattar.uni-bge.hu/20358/1/SZAKDOLGOZAT-%20Kozlovsky%20D%C3%A1niel-%20REN4UD.pdf
|z Dokumentum-elérés
|